| 000 | 00476nam a2200133Ia 4500 | ||
|---|---|---|---|
| 008 | 170221s9999 xx 000 0 und d | ||
| 245 | _aPredicting Social Networking Site Use and Online Communication Practices among Adolescents: The Role of Access and Device Ownership | ||
| 260 | _bMedia and Communication | ||
| 260 | _c2016 | ||
| 300 | _a5 : 6 | ||
| 650 | _xCommunication | ||
| 650 | _xMedia Arts | ||
| 856 | _uhttp://www.librelloph.com/mediaandcommunication/issue/current | ||
| 999 |
_c312968 _d312968 |
||